000 00874nam a22002297a 4500
005 20250623123651.0
008 250623b |||||||| |||| 00| 0 eng d
020 _a978-81-8299-617-5 (hbk)
037 _ctb
040 _aAL
_cAL
041 _2pun
_apun
084 _aO153,1:g R4
_qAL
100 _aਕੌਰ, ਰਜਿੰਦਰ
_9814219
245 _aਅਸੀਨ ਕਾਲੇ ਲੋਕ ਸੰਦੀਦੇ ਦਾ ਕਾਵਿ -ਅਵਚੇਤਨ
260 _aਦਿੱਲੀ, ਭਾਰਤ:
_b ਆਰਸੀ ਪਬਲਿਸ਼ਰ,
_c2024
300 _a94 ਪ.
365 _b250.00
_cINR
650 _aਪੰਜਾਬੀ ਸਾਹਿਤ
650 _aਪੰਜਾਬੀ ਕਾਵਿ
942 _2CC
_cTB
_hO153,1:g R4
_n0
999 _c1432778
_d1432778